| 000 | 00596nam a22001937a 4500 | ||
|---|---|---|---|
| 005 | 20150124125000.0 | ||
| 008 | 130905t sp||||| |||| 00| 0 spa d | ||
| 020 | _a8429716696 | ||
| 050 | 0 | 4 |
_aB793 _bV45 1982 |
| 100 | 1 | _aVentos, Xavier Rubert de | |
| 245 | 1 | 0 |
_aDe la modernidad : _bEnsayo de filosofía crítica / _cXavier Rubert de Ventos. |
| 250 | _a2a ed. | ||
| 260 |
_aBarcelona, España : _bPeninsula, _c1982 |
||
| 300 |
_a314 p. ; _c20 cm. |
||
| 490 | 1 |
_aHistoria, Ciencia, Sociedad ; _vno. 167 |
|
| 650 | 7 |
_2Lemb _aFilosofia Moderna |
|
| 650 | 7 | _aCivilización | |
| 942 |
_2ddc _cLIB |
||
| 999 |
_c41042 _d41042 |
||